000 00738nam a22002777a 4500
001 BR0003375
003 BR-BrBNA
005 20230928100716.0
007 ta
008 230509b bl.||||| |||| 00| 0 por d
040 _aBR-BrBNA
_bpor
_cBiblioteca Nacional de Agricultura
041 _a(Por)
072 _aF04
_b3820
090 _ 3820 BR0003375
110 1 _aPetrobras Fertilizantes S.A., Camacari, BA (Brasil)
_97788
245 1 _aUreia fertilizantes; informacoes tecnicas
260 3 _aCamacari, BA (Brasil):
_c1999.
300 _a24 p.
500 _a12 tables
650 _aUreia
650 _aFertilizante
650 _aAdubacao Foliar
650 _aNitrogenio
909 _a202309
_bLucia
_c55
_dLucia Elande
942 _cBK
999 _c62439
_d62439